Celebraciones de la Familia Paulina (Record n. 98709)
[ formato base ]
| 000 -LEADER | |
|---|---|
| fixed length control field | 00466nam a22001577a 4500 |
| 003 - CONTROL NUMBER IDENTIFIER | |
| control field | IT-RoPau |
| 005 - DATE AND TIME OF LATEST TRANSACTION | |
| control field | 20220918181107.0 |
| 008 - FIXED-LENGTH DATA ELEMENTS--GENERAL INFORMATION | |
| fixed length control field | 130607b xxu||||| |||| 00| 0 eng d |
| 040 ## - CATALOGING SOURCE | |
| Transcribing agency | IT-RoPau |
| 245 ## - TITLE STATEMENT | |
| Title | Celebraciones de la Familia Paulina |
| Remainder of title | Misa y Oficio |
| 260 ## - PUBLICATION, DISTRIBUTION, ETC. (IMPRINT) | |
| Place of publication, distribution, etc. | Madrid |
| Name of publisher, distributor, etc. | SSP |
| Date of publication, distribution, etc. | 1986 |
| 300 ## - PHYSICAL DESCRIPTION | |
| Extent | 123 pp. |
| Dimensions | 17,5 cm |
| 490 ## - SERIES STATEMENT | |
| Series statement | Ediciones Paulinas |
| 520 ## - SUMMARY, ETC. | |
| Summary, etc. | Indice general<br/><br/>Presentaçion<br/>Misas propias<br/>Liturgia de las Horas<br/>Indices |
| 942 ## - ADDED ENTRY ELEMENTS (KOHA) | |
| Source of classification or shelving scheme | Dewey Decimal Classification |
| Koha item type | LIBRO |
| Withdrawn status | Lost status | Source of classification or shelving scheme | Damaged status | Not for loan | Home library | Current library | Date acquired | Total Checkouts | Full call number | Date last seen | Price effective from | Koha item type |
|---|---|---|---|---|---|---|---|---|---|---|---|---|
| Dewey Decimal Classification | Buone Condizioni | Not For Loan | PAULUS-BIBLIOTECA | PAULUS-BIBLIOTECA | 07/06/2013 | P D1 | 07/06/2013 | 07/06/2013 | LIBRO |